banner koha

Consumo e desempenho de cordeiros e borregos alimentados com dietas de alto concentrado de milho ou sorgo (Registro n. 330231)

MARC details
000 -LÍDER
fixed length control field 04458nab a2200433 i 4500
003 - CÓDIGO MARC DA AGÊNCIA CATALOGADORA
Campo de controle BR-BrBNA
005 - DATA E HORA DA ÚLTIMA ATUALIZAÇÃO
Campo de controle 20250306100955.0
008 - CAMPO DE TAMANHO FIXO
fixed length control field 250306b2016 bl.|r|poo|||| 00| 0 por |
040 ## - FONTE DA CATALOGAÇÃO
Agência catalogadora BR-BrBNA
Idioma da catalogação por
072 ## - CATEGORIA AGRIS
Código AGRIS L02
Código do objeto 5240
072 ## - CATEGORIA AGRIS
Código AGRIS L51
100 ## - ENTRADA PRINCIPAL - NOME PESSOAL
Nome pessoal Venturini, R.S.
100 ## - ENTRADA PRINCIPAL - NOME PESSOAL
Nome pessoal Carvalho, S.
100 ## - ENTRADA PRINCIPAL - NOME PESSOAL
Nome pessoal Pires, C.C.
100 ## - ENTRADA PRINCIPAL - NOME PESSOAL
Nome pessoal Pacheco, P. S.
100 ## - ENTRADA PRINCIPAL - NOME PESSOAL
Nome pessoal Pellegrin, A.C.R.S.
100 ## - ENTRADA PRINCIPAL - NOME PESSOAL
Nome pessoal Moro, A.B.
100 ## - ENTRADA PRINCIPAL - NOME PESSOAL
Nome pessoal Lopes, J.F.
100 ## - ENTRADA PRINCIPAL - NOME PESSOAL
Nome pessoal Martins, A. A.
100 ## - ENTRADA PRINCIPAL - NOME PESSOAL
Nome pessoal Bernardes, G.M.C.
100 ## - ENTRADA PRINCIPAL - NOME PESSOAL
Nome pessoal Simões, R.R.
100 ## - ENTRADA PRINCIPAL - NOME PESSOAL
Nome pessoal Menegon, A.L.
100 ## - ENTRADA PRINCIPAL - NOME PESSOAL
Nome pessoal Motta, J.H.
245 ## - TÍTULO PRINCIPAL
Título principal Consumo e desempenho de cordeiros e borregos alimentados com dietas de alto concentrado de milho ou sorgo
500 ## - NOTA GERAL
Nota geral <br/>Publicação online; 19 ref.; 4 tables; Summaries (En, Pt)
942 ## - ADDED ENTRY ELEMENTS (KOHA)
Koha item type Analítica
520 ## - NOTA DE RESUMO
Nota de conteúdo <br/><br/><br/>RESUMO - Objetivou-se avaliar os consumos de matéria seca, nutrientes e desempenho na terminação de cordeiros e borregos submetidos a dietas de alto concentrado de grão de milho ou sorgo. Foram utilizados 32 animais, sendo 16 cordeiros (dente de leite) e 16 borregos (dois dentes) da raça Corriedale. As dietas eram constituídas de feno de aveia- branca (Avena sativa), grão de milho (Zea mays) ou de sorgo (Sorghum bicolor (L.) Moench), farelo de soja (Glycine Max), calcário calcítico, bicarbonato de sódio e monensina. Os cordeiros apresentaram superioridade (P≤0,05) quanto ao CMS (% do PV e g/kg PV0,75), ao CPB (kg/dia, % do PV e g/kg PV0,75), ao CEE (% do PV), ao CFDN e ao CFDA (% do PV e g/kg PV0,75), ao CNDT (% do PV), ao ganho de peso médio diário, à conformação in vivo e à conversão alimentar. Por outro lado, o CEE, o CCHT e o CCNE (kg/dia), o peso vivo inicial, o peso vivo final e o peso vivo ao abate foram superiores (P≤0,05) na categoria dos borregos. Em relação aos grãos avaliados, verificou-se maior (P≤0,05) CEE (kg/dia, % do PV e g/kg PV0,75) e menor (P≤0,05) CFDN (% do PV) e CFDA (kg/dia, % do PV e g/kg PV0,75) para os animais alimentados com dieta de alto concentrado à base de grão de milho em relação àqueles alimentados com grão de sorgo. Os cordeiros apresentam consumos relativos superiores aos borregos, porém sua resposta zootécnica é maior. O uso de dietas de alto concentrado de sorgo ou de milho proporcionou resultados semelhantes.<br/><br/><br/>Palavras-chave: categorias, confinamento, ovino
520 ## - NOTA DE RESUMO
Nota de conteúdo <br/><br/><br/>ABSTRACT - This study aimed to evaluate the dry matter, nutrient intake, and performance on feedlot of lambs and hoggets submitted to corn or sorghum high concentrate diets. Thirty-two Corriedale animals, being 16 lambs (milk teeth) and 16 hoggets (two teeth) were used. The diets were composed of white oat hay (Avena sativa), corn (Zea mays) or sorghum grain (Sorghum bicolor (L.) Moench), soybean meal (Glycine Max), limestone, sodium bicarbonate, and monensin. The lambs presented a superiority (P≤0.05) regarding the DMI (% of LW and g/kg LW0.75), CPI (kg/day, % of LW and g/kg LW0.75), EEI (% of LW), NDFI and ADFI (% of LW and g/kg LW0.75), TDNI (% of LW), daily average weight gain, conformation in vivo and feed conversion. On the other hand, the EEI, TCI, and NSCI (kg/day), the initial live weight, final live weight and the live weight at slaughter were superior (P≤0.05) in the hoggets category. In relation to the evaluated grains, a higher (P≤0.05) EEI (kg/day, % of LW and g/kg LW0.75) and a lower (P≤0.05) NDFI (% of LW) and ADFI (kg/day, % of LW and g/kg LW0.75) were verified for the animals fed with high concentrate diets based on corn grain in relation to those fed with sorghum grain. The lambs presented an intake relatively superior to the hoggets, however their zootechnical response is higher. The use of high concentrate diets of sorghum or corn provides similar results.<br/><br/><br/>Keywords:categories, feedlot, sheep
650 ## - ASSUNTO - THESAGRO
Cabeçalho tópico ou nome geográfico OVINO
650 ## - ASSUNTO - THESAGRO
Cabeçalho tópico ou nome geográfico CONFINAMENTO
650 ## - ASSUNTO - THESAGRO
Cabeçalho tópico ou nome geográfico NUTRIÇÃO ANIMAL
650 ## - ASSUNTO - THESAGRO
Cabeçalho tópico ou nome geográfico MILHO
650 ## - ASSUNTO - THESAGRO
Cabeçalho tópico ou nome geográfico SORGO
650 ## - ASSUNTO - THESAGRO
Cabeçalho tópico ou nome geográfico MATÉRIA SECA
650 ## - ASSUNTO - THESAGRO
Cabeçalho tópico ou nome geográfico CONVERSÃO ALIMENTAR
773 0# - ENTRADA ANALÍTICA
Host Biblionumber 1643
Registro do item 348216
Imprenta Belo Horizonte-MG Universidade Federal de Minas Gerais - Escola de Veterinaria 1983
Outro identificador 2025-0705
Título Arquivo Brasileiro de Medicina Veterinária e Zootecnia (Brazil)
ISSN 0102-0935
Colação v. 68(6) p. 1638-1646; (2016)
Número de controle de registro BR2024004623
856 ## - ACESSO E ENDEREÇO ELETRÔNICO
Identificador uniforme de recurso - URI https://www.scielo.br/j/abmvz/a/D6F5rtV5FXNZJpmF4477bnB/?format=pdf&lang=pt

Nenhum exemplar disponível.

BINAGRI

Telefone: (61)3218-2567/2388/3357/2097 - binagri@agro.gov.br

Ministério da Agricultura e Pecuária , Esplanada dos Ministérios, Bloco D, Anexo B, Brasília/DF, CEP: 70.043-900